| 000 | 00818cam a22002054a 4500 | ||
|---|---|---|---|
| 005 | 20250605164220.0 | ||
| 008 | 250528s ||||||||||||||||||||||||d | ||
| 035 | _a20653 | ||
| 020 | _a130085219 | ||
| 040 |
_aGR-AtMCL _bgre _dGR-AtMCL _eAACR2 |
||
| 245 | 1 | _aFoundations of Operations Management | |
| 260 |
_bPrentice Hall, _c2003 |
||
| 300 | _a478 | ||
| 520 | _aIncludes CD-Rom. Competing with Operations, Process Management, Managing Project Processes, Managing Technology, Quality, Capacity, Waiting Lines, Location and Layout, Supply-Chain Management, Forecasting, Inventory Management, Aggregate Planning and Scheduling, Resource Planning, Lean Systems, Name and Subject Index. | ||
| 700 | 1 |
_aKrajewski Lee J _96612 |
|
| 700 | 1 |
_aRitzman Larry P _96613 |
|
| 942 | _cBK | ||
| 999 |
_c5741 _d5741 |
||